Statistics for Top 15 Most Played Classic Rock Songs

Click here to take the quiz!

General Stats

  • This quiz has been taken 130 times
  • The average score is 6 of 36

Answer Stats

RankYearSong Title & Artist% Correct
111975Bohemian Rhapsody
63%
Queen
59%
AC / DC
45%
Aerosmith
31%
Aerosmith
31%
Boston
27%
Boston
27%
Journey
26%
Kiss
26%
Jimi Hendrix
23%
11973Dream On
22%
51976More Than A Feeling
19%
41980You Shook Me All Night Long
18%
21968All Along The Watchtower
15%
Kansas
14%
ZZ Top
13%
ZZ Top
13%
21975Sweet Emotion
11%
Rush
10%
Steve Miller Band
10%
101983Sharp Dressed Man
9%
151981Tom Sawyer
9%
51976Carry On Wayward Son
8%
91983Legs
8%
Styx
8%
111975Rock And Roll All Night
7%
151973The Joker
7%
71976Peace Of Mind
6%
Heart
5%
Heart
5%
131978Renegade
5%
151978Wheel In The Sky
5%
81976Crazy On You
3%
141976Magic Man
3%
Manfred Mann
2%
151976Blinded By The Light
1%

Score Distribution

Percentile by Number Answered

Percent of People with Each Score

Your Score History

You have not taken this quiz